Larousse: diccionario compact español-portugués, portugués-espanhol
Furkejuvvon:
| Materiálatiipa: | Girji |
|---|---|
| Giella: | espánnjágiella portugalágiella |
| Almmustuhtton: |
Ciudad de México
Larousse
2003
|
| Preanttus: | 1a. ed |
| Fáttát: | |
| Fáddágilkorat: |
Lasit fáddágilkoriid
Eai fáddágilkorat, Lasit vuosttaš fáddágilkora!
|
MARC
| LEADER | 00000nam a2200000 a 4500 | ||
|---|---|---|---|
| 001 | UCH2474 | ||
| 003 | CL-VaPUC | ||
| 008 | 090618e20030000MX |||||||||||||||||spa|d | ||
| 020 | |a 9789702204824 | ||
| 041 | 0 | 7 | |a spa |2 CL-VaPUC |
| 041 | 0 | 7 | |a por |2 CL-VaPUC |
| 082 | 0 | 4 | |a 463.691 |b LAR |2 21 |
| 245 | 1 | 0 | |a Larousse: diccionario compact español-portugués, portugués-espanhol |
| 250 | |a 1a. ed | ||
| 300 | |a pag. irreg | ||
| 942 | |c BK | ||
| 945 | |d 20090618 00:00:00 |a rbrito | ||
| 260 | |a Ciudad de México |b Larousse |c 2003 | ||
| 650 | 7 | |a ESPAÑOL DICCIONARIOS |2 CL-VaPUC |9 260592 | |
| 650 | 7 | |a PORTUGUES DICCIONARIOS |2 CL-VaPUC |9 471109 | |
| 583 | |a last modification |c 20090618 00:00:00 |k Rodrigo Vera | ||
| 999 | |c 334207 |d 334205 | ||